|
|
|
|
| LEADER |
00000nam2a2200000 4500 |
| 001 |
36856 |
| 005 |
20231031003103.0 |
| 035 |
|
|
|a (RuTPU)RU\TPU\book\37340
|
| 035 |
|
|
|a BOOK00003992
|
| 090 |
|
|
|a 36856
|
| 100 |
|
|
|a 20011210d1981 m y0rusy50 ca
|
| 101 |
0 |
|
|a rus
|
| 102 |
|
|
|a RU
|
| 105 |
|
|
|a a j 001zy
|
| 200 |
0 |
|
|a Ч. 1
|
| 210 |
|
|
|d 1981
|
| 215 |
|
|
|a 543 с.
|c ил.
|
| 320 |
|
|
|a Библиогр.: с. 536-537.
|
| 320 |
|
|
|a Алф. указ.: с. 538-543.
|
| 461 |
|
1 |
|0 (RuTPU)RU\TPU\book\42405
|t Математический анализ
|o Учебник
|o В 2 ч.
|f В. А. Зорич
|v Ч. 1
|d 1981-
|
| 610 |
1 |
|
|a математика
|
| 610 |
1 |
|
|a математический анализ
|
| 610 |
1 |
|
|a действительные числа
|
| 610 |
1 |
|
|a пределы
|
| 610 |
1 |
|
|a непрерывные функции
|
| 610 |
1 |
|
|a дифференциальные исчисления
|
| 610 |
1 |
|
|a интегралы
|
| 610 |
1 |
|
|a функции многих переменных
|
| 610 |
1 |
|
|a учебники
|
| 675 |
|
|
|a 517(075.8)
|v 3
|
| 801 |
|
0 |
|a RU
|b 63413507
|c 20011210
|g PSBO
|
| 801 |
|
2 |
|a RU
|b 63413507
|c 20220929
|g PSBO
|
| 942 |
|
|
|c BK
|